000 01042 a2200193 4500
001 37433
005 20260407155642.0
008 260407a1973 arg spa d
003 AR-UNSa-BCEJYS
040 _aAR-UNSa-BCEJYS
_bspa
_cAR-UNSa-BCEJYS
080 _a657.471.1
_xClases de costos. Costos de producción
245 1 0 _aMaterias primas en el costo industrial
_pla gestión de la compras
264 1 _aBuenos Aires :
_bEl Coloquio
_c1973
300 _a138 p.
_c22 cm.
505 _a1. Defininición de stocks - 2. Clasificación de los stocks - 3. Interrogantes que plantea la economicidad del suministro - 4. El funcionamiento de una gerencia de compras y almacenes. Funciones y atribuciones relevantes.Caso práctico. Niveles de decisión y asignación de tareas - 5. Aplicación de métodos de Monte Carlo para la obtención del stock mínimo - 6. Tratamiento técnico y contable de los desechos. Recortes o scraps en la producción.
942 _cBK
590 _aniveau_biblio:m niveau_hierar:0
100 1 _aGiménez, Carlos Manuel
999 _c2755
_d2755